Pokémon - Attaques apparues en génération III - Statistiques

Statistiques générales
  • Ce quiz a été pris 513 fois
  • Le résultat moyen est 60 sur 103
Statistiques - réponses
Type de quiz Attaque % Correct
Vol Aéropique
91%
Plante Lame-Feuille
90%
Dragon Dracogriffe
87%
Feu Pied Brûleur
87%
Eau Giclédo
85%
Feu Eruption
84%
Glace Ball'Glace
82%
Acier Carnareket
81%
Glace Glaciation
81%
Acier Poing Météor
81%
Psy Psycho Boost
81%
Eau Ocroupi
80%
Dragon Danse Draco
78%
Eau Plongée
78%
Feu Surchauffe
78%
Plante Balle Graine
75%
Psy Ball'Brume
74%
Plante Aromathérapie
73%
Psy Lumi-Eclat
73%
Eau Hydroblast
72%
Roche Tomberoche
72%
Plante Végé-Attak
72%
Sol Lance-Boue
71%
Electrik Onde de Choc
71%
Sol Tir de Boue
71%
Eau Vibraqua
71%
Normal Ball'Météo
70%
Psy Plénitude
70%
Feu Rafale Feu
70%
Combat Gonflette
67%
Glace Grêle
67%
Insecte Vent Argenté
67%
Spectre Poing Ombre
66%
Electrik Electacle
65%
Roche Boule Roc
63%
Feu Feu Follet
63%
Combat Mitra-Poing
63%
Normal Façade
62%
Plante Feuille Magik
62%
Acier Mur de Fer
62%
Plante Poing Dard
62%
Eau Tourniquet
62%
Normal Voeu
62%
Poison Crochet Venin
61%
Insecte Lumiqueue
61%
Normal Avale
58%
Electrik Chargeur
58%
Vol Danse-Plume
58%
Normal Relâche
58%
Normal Stockage
58%
Normal Danse-Folle
57%
Poison Queue-Poison
57%
Feu Canicule
56%
Insecte Rayon Signal
56%
Combat Cogne
55%
Plante Racines
55%
Ténèbres Sabotage
54%
Combat Stratopercut
54%
Vol Tranch'Air
54%
Psy Echange
53%
Ténèbres Provoc
53%
Vol Rebond
53%
Combat Surpuissance
53%
Sol Tourbi-Sable
53%
Combat Casse-Brique
51%
Spectre Rancune
51%
Psy Tourmagik
51%
Normal Brouhaha
49%
Psy Imitation
49%
Glace Stalagtite
49%
Normal Barrage
48%
Normal Coup d'Main
48%
Spectre Etonnement
48%
Psy Extrasenseur
48%
Normal Force Cachée
48%
Normal Force-Nature
48%
Normal Grondement
48%
Acier Strido-Son
48%
Normal Paresse
47%
Normal Bluff
45%
Normal Eclate Griffe
45%
Plante Siffl'Herbe
45%
Combat Vendetta
45%
Psy Force Cosmik
44%
Ténèbres Saisie
43%
Ténèbres Tourmente
43%
Normal Effort
42%
Normal Stimulant
42%
Ténèbres Croco Larme
40%
Normal Assistance
39%
Normal Bâillement
39%
Psy Possessif
39%
Psy Reflet Magik
39%
Normal Camouflage
38%
Ténèbres Flatterie
38%
Normal Flair
37%
Normal Mégaphone
37%
Ténèbres Souvenir
37%
Normal Régénération
35%
Normal Implore
31%
Normal Recyclage
31%
Normal Par Ici
30%
Normal Chatouille
17%
Aucun quiz correspondant
Distribution des résultats
% des personnes avec chaque résultat
Percentile par nombre de réponses
Votre historique - résultats
Vous n’avez pas pris ce quiz